Представление документа в формате RUSMARC

ПолеНазваниеЗначение
  Тип записи a
  Библиографический уровень m
001 Контрольный номер RU\NLR\BIBL_A\022579552
005 Дата корректировки 20260421105547.9
010 Индекс ISBN __
a ISBN 978-5-9988-1759-5
9 Тираж 3000 экз.
b Уточнения в пер.
100 Данные общей обработки __
a Данные общей обработки 20260401d2025 u y0rusa50 ca
101 Язык документа 0_
a Язык текста rus
102 Страна публикации __
a Страна публикации RU
105 Кодированные данные (монография) __
a Кодированные данные (монография) a j 000gy
200 Заглавие и сведения об ответственности 1_
a Заглавие Горе от ума
e Сведения, относящиеся к заглавию [комедия в четырех действиях в стихах]
e Сведения, относящиеся к заглавию подробный иллюстрированный комментарий
e Сведения, относящиеся к заглавию учебное пособие
f Первые сведения об ответственности А. С. Грибоедов
g Последующие сведения об ответственности текст комментариев, подбор иллюстраций Д. Ю. Решетниковой
203 Вид содержания и тип средства __
a Вид содержания Текст
a Вид содержания Изображение
b Характеристика содержания визуальные
c Тип средства непосредственные
210 Выходные данные 1_
a Место издания Москва
c Издательство Проспект
c Издательство РГ-Пресс
d Дата издания 2025
215 Физическое описание __
a Объем 219 с.
c Иллюстрации/тип воспроизводства ил., цв. ил., портр., факс.
d Формат 24 см
333 Примечание о целевом назначении __
a Примечание о целевом назначении 12+
606 Тематические рубрики 0_
a Основная рубрика Русская литература
z Хронологическая подрубрика 19 в.
606 Тематические рубрики 0_
a Основная рубрика Стихи (х. л.)
610 Ключевые слова 0_
a Ключевые слова русская литература 19 в.; комедия в стихах
686 Индексы других классификаций __
a Классификационный индекс 83.3(2=Рус)5-8
2 Код системы rubbk
686 Индексы других классификаций __
a Классификационный индекс 84Р1-5
2 Код системы rubbk
700 Автор _1
a Фамилия Грибоедов
b Имя (инициалы) А. С.
f Даты 1795-1829
g Полное личное имя Александр Сергеевич
702 Вторичная интеллектуальная ответственность _1
a Фамилия Решетникова
b Имя (инициалы) Д. Ю.
g Полное личное имя Дарья Ю
4 Код отношения 210
801 Источник записи _0
a Страна RU
b Организация NLR
c Дата составления 20250703
g Правила каталогизации RCR
801 Источник записи _1
a Страна RU
b Организация NLR
c Дата составления 20250703
2 Код формата rusmarc
801 Источник записи _2
a Страна RU
b Организация Ульяновская ОНБ
c Дата составления 20260401
g Правила каталогизации RCR
900 Электронные ресурсы __
a Имя электронного ресурса проспект20260028
900 Электронные ресурсы __
a Имя электронного ресурса проспект20260029
901 Тип документа __
t Тип документа m
909 Создатель записи __
a Создатель записи Макушик
b Дата создания записи 20260401
910 Корректоры записи __
a Корректор записи Пряхина
b Дата внесения изменения в запись 20260421